Suelos de ubate - Chiquinquira: estudio detallado del valle y general de la zona

Պահպանված է:
Մատենագիտական մանրամասներ
Հիմնական հեղինակներ: Cadavid, José Luis (Հեղինակ), Vega J., Víctor M (Հեղինակ)
Ձևաչափ: Գիրք
Լեզու:իսպաներեն
Հրապարակվել է: Bogotá Instituto Geográfico Agustín Codazzi 1965
Խորագրեր:
Ցուցիչներ: Ավելացրեք ցուցիչ
Չկան պիտակներ, Եղեք առաջինը, ով նշում է այս գրառումը!

MARC

LEADER 00000nam a2200000 a 4500
001 UCU6450
003 CL-VaPUC
008 960621e19650000CK |||||||||||||||||spa|d
082 0 4 |a 631.41  |b CAD  |2 21 
100 0 |a Cadavid, José Luis  |e author  |9 364628 
700 0 |a Vega J., Víctor M  |e author  |9 364629 
245 1 0 |a Suelos de ubate - Chiquinquira: estudio detallado del valle y general de la zona 
300 |a 187 p 
942 |c BK 
945 |d 19960621 00:00:00  |a cmena 
260 |a Bogotá  |b Instituto Geográfico Agustín Codazzi  |c 1965 
650 0 |a Suelos  |9 260322 
650 7 |a EDAFOLOGIA  |2 CL-VaPUC  |9 364630 
650 7 |a CLASIFICACION DE SUELOS  |2 CL-VaPUC  |9 364631 
650 0 |a Geología   |9 260984 
650 0 |a Propiedades del suelo  |9 350106 
650 7 |a LEVANTAMIENTO DE TERRENOS  |2 CL-VaPUC  |9 364632 
583 |a last modification  |c 19960621 00:00:00  |k Rodrigo Vera 
999 |c 249355  |d 249353